Médaillés Français aux Jeux Paralympiques de Pékin 2022 - Statistiques

Statistiques générales
  • Ce quiz a été pris 11 fois
    7 depuis la dernière actualisation
  • Le résultat moyen est 13 sur 16
Statistiques - réponses
Sport Épreuve Athlète Médaille % Correct
Para Ski Alpin Descente Debout H Arthur Bauchet or
100%
Para Ski Alpin Super Combiné Debout H Arthur Bauchet or
100%
Para Ski Alpin Slalom Géant H Debout Arthur Bauchet bronze
100%
Para Ski Alpin Slalom H Debout Arthur Bauchet or
100%
Para Ski Alpin Descente Déficients Visuels H (Guide) Valentin Giraud Moine bronze
100%
Para Ski Alpin Super G Debout F Marie Bochet argent
100%
Para Ski de Fond Relais open Anthony Chalençon argent
80%
Para Ski de Fond 1,5 km sprint H Debout Benjamin Daviet or
80%
Para Biathlon 15 km H Debout Benjamin Daviet or
80%
Para Ski de Fond 12,5 km libre H Debout Benjamin Daviet argent
80%
Para Ski de Fond Relais open Benjamin Daviet argent
80%
Para Ski Alpin Descente Déficients Visuels H Hyacinthe Deleplace bronze
80%
Para Snowboard Banked Slalom SB-UL H Maxime Montaggioni or
80%
Para Ski de Fond Relais open Alexandre Pouye argent
60%
Para Ski de Fond Relais open Brice Ottonello argent
60%
Para Snowboard Snowboard Cross SB-LL2 F Cécile Hernandez or
60%
Aucun quiz correspondant
Distribution des résultats
% des personnes avec chaque résultat
Percentile par nombre de réponses
Votre historique - résultats
Vous n’avez pas pris ce quiz depuis la dernière actualisation